000 00794nam a2200265 4500
003 EC-UNACH
005 20251128152026.0
006 s||||gr|||| 00| 00
008 150116t9999 mx r gr 000 0 spa d
020 _a978-84-96437-81-4
040 _aEC-UNACH
_cEC-UNACH
041 _aspa
082 0 4 _223
_a720
_bL018467
100 _aRodríguez Rodríguez, Francisco Javier
245 _aGuía acústica de la construcción
250 _aFirst Edition
264 _aMadrid - España
_bInversiones Editoriales Dossat
_c2008
300 _a351 páginas
_bgráficos
_c24 x 17 centímetros
501 _aIncluye índice
505 _aCapítulo 1.
942 _2ddc
_c1
999 _c14228